000 00686nam a2200289Ia 4500
005 20260324114940.0
008 008 260324s9999 xx 000 0 eng d
020 _a9780429289057
037 _aEBOOK
040 _aCRL
040 _beng
040 _cCRL
041 _2eng
041 _aeng
084 _qCRL
100 _aSouvik Pal; Vicente García Díaz; Dac-Nhuong Le
_91152779
245 0 _aIoT
245 0 _bSecurity and Privacy Paradigm
260 _bTaylor and Francis
260 _c2020
365 _a
365 _b355
856 _uhttp://www.taylorfrancis.com/books/9780429289057
942 _cEBOOK
999 _c1743279
_d1743279